000 00414nam a22001457a 4500
008 211122b |||||||| |||| 00| 0 eng d
020 _a0697133125
050 _aT58.6
_b.Z83 1998 C.1
100 _aZwass, Vladimir
245 _aFoundations of information systems
_cVladimir Zwass
260 _aNew York
_bMcGraw Hill
_c1998
300 _axxii, 695p.
650 _aManagement information systems
942 _2lcc
_cBK
999 _c19145
_d19144